| 000 | 00940nam a2200181Ia 4500 | ||
|---|---|---|---|
| 008 | 0000002005 sp d 0000000000spa00 | ||
| 090 | _aPSP02 I71p | ||
| 100 | 1 |
_aIrazabal, Prudencio _d1954 |
|
| 245 | 1 | 0 |
_aPrudencio Irazabal _b: highlights [Disco compacto] |
| 300 | _a1 CD ROM bajo Windows ; 12 cm. | ||
| 500 | _aRegistro auspiciado por la FGAA. Bogotá | ||
| 505 | _aSin título Leda y el cisne Constable's Snow Sin título Sin titulo 2004, 2005 (16 imágenes) TeXto en word Espectaculos de luz / ill Arning prudencio Irazabal : respirar el color / Javier González de Durana Hoja de vida del artista Nota de prensa de Artium presentando la eXposicion Highlights | ||
| 600 | 0 | 0 |
_aIRAZABAL, PRUDENCIO, 1954/ _xTRABAJOS PICTORICOS |
| 650 | 1 | 4 | _aARTE CONTEMPORANEO ESPAÑOL CDROM |
| 650 | 1 | 4 | _aPINTORES ESPAÑOLES CDROM |
| 650 | 1 | 4 | _aPINTURA ESPAÑOLA CDROM |
| 999 |
_c9247 _d9247 |
||
| 260 |
_aVictoria Gasteiz : Museo Artium _c2005 |
||